[Event "1st Open"]
[Site "Marrakesh MAR"]
[Date "2010.06.29"]
[Round "6"]
[White "Del Rio de Angelis,S"]
[Black "Georgiev,Ki"]
[Result "1/2-1/2"]
[WhiteElo "2521"]
[BlackElo "2662"]

1.d4 Nf6 2.c4 e6 3.Nc3 Bb4 4.e3 O-O 5.Bd3 d5 6.Nf3 c5 7.O-O dxc4 8.Bxc4 Bd7
9.Qe2 Bc6 10.Rd1 Nbd7 11.d5 exd5 12.Nxd5 Nxd5 13.Bxd5 Qc7 14.Bxc6 Qxc6 15.Bd2 Bxd2
16.Rxd2 Nf6 17.Rad1 Qe6 18.a3 Qe7 19.h3 Rfd8 20.Qb5 Rxd2 21.Rxd2 Rc8 22.a4 g6
23.Qc4 Rc7 24.Qf4 Kg7 25.Ne5 h5 26.g4 hxg4 27.hxg4 b6 28.Rd1 Qe6 29.Kg2 Re7
30.Rh1 Ng8 31.Nf3 Qd5 32.Kg3 f6 33.g5 fxg5 34.Qxg5 Qxg5+ 35.Nxg5 Nf6 36.Rh4 Re5
37.Nf3 Re7  1/2-1/2

[Event "1st Open"]
[Site "Marrakesh MAR"]
[Date "2010.07.01"]
[Round "8"]
[White "Georgiev,Ki"]
[Black "Luther,T"]
[Result "1-0"]
[WhiteElo "2662"]
[BlackElo "2541"]

1.d4 d5 2.c4 e6 3.Nf3 Nf6 4.g3 dxc4 5.Bg2 a6 6.O-O Nc6 7.Bg5 Rb8 8.e3 b5
9.a4 Be7 10.axb5 axb5 11.b3 cxb3 12.Qxb3 O-O 13.Rc1 Rb6 14.Nc3 Nb8 15.Ne5 Nfd7
16.Bxe7 Qxe7 17.Nd3 c6 18.Ra7 Ra6 19.Rxa6 Nxa6 20.Bxc6 b4 21.Na2 e5 22.Naxb4 exd4
23.exd4 Nf6 24.Nxa6 Bxa6 25.Qb4 Qe2 26.Nf4 Qa2 27.d5 Ng4 28.Qd4 Rb8 29.Nh5 Qb2
30.Qxb2 Rxb2 31.d6 Ne5 32.d7  1-0

[Event "TCh-MNE Premier League"]
[Site "Cetinje MNE"]
[Date "2010.07.25"]
[Round "2"]
[White "Lajthajm,B"]
[Black "Georgiev,Ki"]
[Result "0-1"]
[WhiteElo "2493"]
[BlackElo "2675"]

1.d4 Nf6 2.Nf3 e6 3.g3 b5 4.a4 b4 5.Bg2 d5 6.Bg5 Be7 7.O-O Nbd7 8.Nbd2 O-O
9.Nb3 c6 10.Nfd2 h6 11.Bxf6 Nxf6 12.e4 Ba6 13.Re1 Rc8 14.e5 Nd7 15.Bf1 Bxf1
16.Rxf1 c5 17.c3 Qb6 18.c4 cxd4 19.cxd5 Nxe5 20.Qe2 Bf6 21.a5 Qd6 22.dxe6 Qxe6
23.Nxd4 Qd5 24.N2f3 Rfe8 25.Nxe5 Qxd4 26.Qa6 Bxe5 27.Rad1 Qc4 28.Qxa7 Bxb2
29.Rd7 b3 30.Qb6 Bc3 31.a6 b2 32.a7 Qb4 33.Qxb4 Bxb4 34.Rb7 Bc3 35.Rd1 Be5
36.f4 Bd4+  0-1

[Event "TCh-MNE Premier League"]
[Site "Cetinje MNE"]
[Date "2010.07.30"]
[Round "7"]
[White "Georgiev,Ki"]
[Black "Stojanovic,Mih"]
[Result "1/2-1/2"]
[WhiteElo "2675"]
[BlackElo "2557"]

1.d4 d5 2.c4 e6 3.Nf3 Nf6 4.g3 Bb4+ 5.Bd2 Be7 6.Bg2 O-O 7.O-O Nbd7 8.Qc2 c6
9.Rd1 b6 10.b3 a5 11.Nc3 Ba6 12.Qd3 c5 13.Nb5 Bxb5 14.cxb5 a4 15.Ne5 Nxe5
16.dxe5 Nd7 17.f4 Ra7 18.Bc3 Qc7 19.e4 d4 20.Bd2 axb3 21.axb3 Rfa8 22.Rac1 Qb7
23.Bf1 Ra2 24.Rc2 R8a3 25.Rxa2 Rxa2 26.Qb1 Qa8 27.Bc4 g6 28.Qd3 Ra1 29.Rxa1 Qxa1+
30.Kg2 Kf8 31.Qc2 Kg8 32.Bc1 Kf8 33.Qb2 Qa5 34.Kf2 Qa8 35.Kf3 Qa5 36.Ke2 Ke8
37.Qa3 Qxa3 38.Bxa3 Bd8 39.Bc1 Be7 40.Bd2 Bf8 41.Kf3 Be7 42.Be1 Bf8 43.h4 Be7
44.Bf2 Bd8 45.Kg4 Be7 46.Be1 Kf8 47.Bd2 Ke8 48.Kf3 Kf8 49.Ke2 Ke8 50.Be1 Kf8
51.Kd3 Ke8 52.Bf2 Bd8 53.Kc2 Be7 54.Be1 Bf8 55.Be2 Be7 56.Kd3 Bf8 57.Kc4 Be7
58.Bg4 Bf8 59.Bd1 Be7 60.Bc2 Bf8 61.b4 cxb4 62.Kxd4 Nc5 63.Kc4 Nb7 64.Bxb4 Bxb4
65.Kxb4 Nc5 66.Kc4 Ke7 67.Kd4 Kf8 68.Ke3 Nd7 69.Kf3 Kg7 70.Kg4 Kh6 71.Kh3 Kg7
72.h5 Kh6 73.Kh4 Nc5 74.g4 Nd7 75.g5+ Kg7 76.Kg4 Kf8 77.Bd1 Ke7 78.Kg3 Ke8
79.Kf2 Ke7 80.Ke3 Ke8 81.Kd4 Ke7 82.Bg4 Ke8  1/2-1/2

[Event "TCh-MNE Premier League"]
[Site "Cetinje MNE"]
[Date "2010.07.31"]
[Round "8"]
[White "Georgiev,Ki"]
[Black "Sedlak,N"]
[Result "1/2-1/2"]
[WhiteElo "2675"]
[BlackElo "2557"]

1.d4 d5 2.c4 e6 3.Nc3 c5 4.cxd5 cxd4 5.Qa4+ Bd7 6.Qxd4 exd5 7.Qxd5 Nc6 8.Nf3 Nf6
9.Qb3 Bc5 10.e3 O-O 11.Be2 Be6 12.Qa4 a6 13.O-O b5 14.Qc2 Nb4 15.Qb1 Rc8
16.Rd1 Qe7 17.Ng5 Bc4 18.a3 Bxe2 19.Nxe2 Rfd8 20.Rd2 Nbd5 21.Rd3 h6 22.Nf3 Ne4
23.Ng3 Nf4 24.Rxd8+ Qxd8 25.Bd2 Nxd2 26.Nxd2 Qxd2 27.Ne4 Qe2 28.Ng3 Qd2 29.Ne4 Qd5
30.exf4 Bd4  1/2-1/2

[Event "TCh-MKD"]
[Site "Struga MKD"]
[Date "2010.08.14"]
[Round "6"]
[White "Georgiev,Ki"]
[Black "Skrceski,G"]
[Result "1-0"]
[WhiteElo "2675"]
[BlackElo "2215"]

1.d4 g6 2.c4 Bg7 3.e4 d6 4.Nc3 c6 5.Be3 Nf6 6.h3 Qa5 7.Bd3 Nbd7 8.Nf3 O-O
9.O-O Re8 10.a3 e5 11.d5 c5 12.b4 Qd8 13.Rb1 b6 14.Re1 Nh5 15.Bf1 h6 16.Nb5 Ndf6
17.Nd2 Kh7 18.bxc5 bxc5 19.Qa4 a6 20.Nc3 Bd7 21.Qc2 Ng8 22.Na4 Bxa4 23.Qxa4 Bf6
24.Nf3 Be7 25.Rb7 Ng7 26.Reb1 f5 27.Rd7 Qc8 28.Rbb7 Bf8 29.exf5 gxf5 30.Nh4 f4
31.Bxf4 Nf6 32.Qc2+ e4 33.Rdc7 Qd8 34.Nf5 Nh5 35.Qc3 Kg6  1-0

[Event "TCh-SRB 1st League"]
[Site "Vrnjacka Banja SRB"]
[Date "2010.08.21"]
[Round "1"]
[White "Efimenko,Z"]
[Black "Georgiev,Ki"]
[Result "1/2-1/2"]
[WhiteElo "2689"]
[BlackElo "2675"]

1.e4 e5 2.Nf3 Nf6 3.d4 Nxe4 4.Bd3 d5 5.Nxe5 Nd7 6.Nxd7 Bxd7 7.O-O Bd6 8.Qh5 Nf6
9.Re1+ Kf8 10.Qf3 Bg4 11.Qe3 Qd7 12.Nc3 Re8 13.Qd2 c6 14.Rxe8+ Nxe8 15.Nd1 Bf5
16.Ne3 Bxd3 17.Qxd3 g6 18.Nf1  1/2-1/2

[Event "TCh-SRB 1st League"]
[Site "Vrnjacka Banja SRB"]
[Date "2010.08.24"]
[Round "4"]
[White "Georgiev,Ki"]
[Black "Sedlak,N"]
[Result "1/2-1/2"]
[WhiteElo "2675"]
[BlackElo "2557"]

1.d4 Nf6 2.c4 g6 3.Nf3 Bg7 4.g3 O-O 5.Bg2 c6 6.Nc3 d6 7.O-O Qb6 8.b3 e5 9.Ba3 Rd8
10.e3 Qa5 11.Qc1 Na6 12.Rd1 e4 13.Nd2 Bg4 14.Re1 d5 15.b4 Nxb4 16.Nb3 Qb6
17.c5 Nxa2 18.Qb2 Qc7 19.Rxa2 h5 20.h3 Be6 21.Qe2 Qd7 22.Kh2 h4 23.g4 Nh7
24.f4 exf3 25.Qxf3 f5 26.gxf5 Rf8 27.e4 dxe4 28.Nxe4 Bd5 29.Qd3 Qxf5 30.Rae2 Ng5
31.Rf1 Qxf1 32.Bxf1 Rxf1 33.Nbd2 Bxe4 34.Nxe4 Nf3+ 35.Kg2 Rg1+ 36.Kf2 Rf8
37.Re3 Ne5+ 38.Kxg1 Nxd3 39.Rxd3 Rf4 40.Nd2 Bxd4+ 41.Kg2 Rf2+ 42.Kh1 Be5
43.Kg1 Rf4 44.Nf3 Bf6 45.Kg2 Rc4 46.Nd2 Ra4 47.Kf3 b6 48.Ne4 Bd4 49.cxb6 axb6
50.Be7 c5 51.Bxh4 b5 52.Be7 Rc4 53.Nd6 Rb4 54.Ra3 Rb1 55.Ra8+ Kh7 56.Ra7 Kg8
57.Ra8+ Kh7 58.Ne4 Rf1+ 59.Ke2 Rf5 60.Ng5+ Kh6 61.Nf3 Bf6 62.Bf8+ Bg7 63.Bd6 c4
64.Rc8 Bb2 65.Bc5 Kg7 66.Be3 Rd5 67.Rc6 Bf6 68.Rc7+ Kf8 69.h4 c3 70.Rc6 Ke7
71.Ng5 Bd4 72.Ne4 Bxe3 73.Kxe3 Rh5 74.Nxc3 Rxh4 75.Rxg6 b4 76.Nd5+ Kd7 77.Rb6 b3
78.Kd3 Rh3+ 79.Ne3 Kc7 80.Rxb3 Kd6 81.Rb5 Kc6 82.Rg5 Kd6 83.Kd4 Rh4+ 84.Ng4 Ke6
85.Ke4 Kd6 86.Rg8 Kc5 87.Rc8+ Kd6 88.Kf3 Rh3+ 89.Kf4 Rh4 90.Kg3 Rh1 91.Ne3 Ke5
92.Rd8 Ke4 93.Nc4 Rh7 94.Rd1 Rc7 95.Nd6+ Ke5 96.Kf3 Rc3+ 97.Ke2 Rh3 98.Nc4+ Ke4
99.Nd2+ Kf4 100.Ra1 Re3+ 101.Kf2 Rc3 102.Ra4+ Ke5 103.Nc4+ Kf5 104.Ne3+ Ke5
105.Kf3 Rb3 106.Ra5+ Ke6 107.Rh5 Ra3 108.Ke4 Ra4+ 109.Kd3 Ra3+ 110.Kd4 Ra4+
111.Nc4 Rb4 112.Re5+ Kf6 113.Rc5 Ra4 114.Ke4 Ra6 115.Kf4 Ke6 116.Re5+ Kf6
117.Nd2 Re6 118.Ne4+ Ke7 119.Rh5 Kd8 120.Rh7 Re7 121.Rh6 Kc7 122.Kf5 Rd7
123.Ke5 Rd1 124.Nc3 Re1+ 125.Kd5 Kd7 126.Ra6 Ke7 127.Ne4 Kf7 128.Ke5 Kg7
129.Kd5  1/2-1/2

[Event "TCh-SRB 1st League"]
[Site "Vrnjacka Banja SRB"]
[Date "2010.08.25"]
[Round "5"]
[White "Predojevic,B"]
[Black "Georgiev,Ki"]
[Result "1/2-1/2"]
[WhiteElo "2624"]
[BlackElo "2675"]

1.e4 e5 2.Nf3 Nc6 3.d4 exd4 4.Nxd4 Bc5 5.Be3 Qf6 6.c3 Nge7 7.Bc4 Ne5 8.Be2 Qg6
9.O-O d6 10.f3 O-O 11.Kh1 d5 12.b4 Bb6 13.Nd2 dxe4 14.fxe4 Bg4  1/2-1/2

[Event "TCh-SRB 1st League"]
[Site "Vrnjacka Banja SRB"]
[Date "2010.08.29"]
[Round "9"]
[White "Akopian,Vl"]
[Black "Georgiev,Ki"]
[Result "1/2-1/2"]
[WhiteElo "2691"]
[BlackElo "2675"]

1.e4 e5 2.Nf3 Nf6 3.Nxe5 d6 4.Nf3 Nxe4 5.d4 d5 6.Bd3 Nc6 7.O-O Be7 8.c4 Nb4
9.Be2 O-O 10.a3 Nc6 11.cxd5 Qxd5 12.Nc3 Nxc3 13.bxc3 Bf5 14.Re1 Rfe8 15.Bf4 Rac8
16.h3 h6 17.Nd2 Na5 18.Bg4 Bg5 19.Bf3 Rxe1+ 20.Qxe1 Qd8 21.Bxg5 Qxg5 22.h4 Qf6
23.Qe3 b6 24.h5 Qg5 25.Qxg5 hxg5 26.Re1 g4 27.Bd1 c5 28.Kh2 cxd4 29.cxd4 Rd8
30.Nf1 Be6 31.Re4 Nc6 32.Bxg4 Rxd4 33.Rxd4 Nxd4 34.Bxe6 fxe6 35.Nd2 b5 36.Kg3 a5
37.Kf4 Nc2 38.Nb1 Kf7 39.g4 a4 40.Ke5 b4 41.axb4 Nxb4 42.f4 Nc2 43.f5 exf5
44.Kxf5 Nd4+ 45.Ke5 Nb5 46.Kf5 Nd6+ 47.Ke5 Nc4+ 48.Kf5 Kg8 49.h6 gxh6 50.Kg6 Ne5+
51.Kxh6 Nxg4+ 52.Kg5  1/2-1/2

[Event "TCh-SRB 1st League"]
[Site "Vrnjacka Banja SRB"]
[Date "2010.08.30"]
[Round "10"]
[White "Georgiev,Ki"]
[Black "Todorovic,GN"]
[Result "1/2-1/2"]
[WhiteElo "2675"]
[BlackElo "2398"]

1.d4 Nf6 2.c4 e6 3.Nf3 b6 4.g3 Bb4+ 5.Nbd2 Bb7 6.Bg2 O-O 7.O-O c5 8.a3 Bxd2
9.Qxd2 cxd4 10.Qxd4 Nc6 11.Qd3 d5 12.cxd5 Qxd5 13.Qxd5 Nxd5 14.Bd2 Rac8 15.Rfd1 Rfd8
16.Rac1 h6 17.Be1 Kf8 18.h4 Ke8 19.Bf1 Ba6 20.Rc2 Nce7 21.Rcd2 Nf6 22.Rxd8+ Rxd8
23.Rxd8+ Kxd8 24.Ne5 Ke8 25.f3 Nd7 26.Nxd7 Kxd7 27.Kf2 h5 28.Bh3 Bc4 29.Bc3 f6
30.e4 Nc6 31.Ke3 Kd6 32.f4 e5 33.Bg2 a5 34.Bf3 Bf7 35.Be2 Kc5 36.b4+ axb4
37.axb4+ Kd6 38.Bd1 Na7 39.Bb2 b5 40.Be2 Be8 41.Bc1 Nc8 42.Kd3 Kc6 43.Bb2 Kd6
44.Bc3 Nb6 45.Be1 Kc6 46.Bf2 Nc8 47.Bc5 Nd6 48.Ke3 Kc7 49.Bd3 Kc6 50.Kf3 Bd7
51.Kf2 Be8 52.Ke3 Bd7 53.Be2 Be8 54.Bf3 Nc4+ 55.Kd3 Nd6 56.Bg1 Nc4 57.Kc3 Nd6
58.Bc5 Bf7 59.Kd3 Be8 60.Bg2 Bd7 61.Ke3 Nc4+ 62.Kd3 Nd6 63.Bf3 Be8 64.fxe5 fxe5
65.g4 g6 66.Bg1 Nc4 67.Kc3 Bf7 68.Bh2 Kd6 69.Be2 Kc6 70.Bg3 Kd6 71.Bf2 Kc6
72.Bc5 Kd7 73.Kc2 Kc6 74.Kc3 Kd7 75.Bf8 Kc6 76.Bg7 Kd7 77.Bf3 Kd6 78.Bh6 Ke7
79.Bg5+ Kd6 80.Be2 Kd7 81.Bh6 Kd6 82.Bf8+ Kd7 83.Bc5 Kc6 84.Kc2 Kd7 85.Kd3 Kc6
86.Bf3 Kd7 87.Bf2 Kc6 88.Bg3 Kd6 89.Kc3 Kc6 90.Be2 Kd6 91.Bf2 Kc6 92.Bg3 Kd6
93.Bh2 Kc6 94.Bf3 Kd6 95.Kd3 Kc6 96.Ke2 Kd6 97.Ke1 Kc6 98.Be2 Kd6 99.Bg1 Kc6
100.Bc5 Kd7 101.Kf2 Kc6 102.Bf8 Kd7 103.Kg3 Kc6 104.Bg7 Kd6 105.Bh6 Kd7 106.Bf8 Kc6
107.Bc5 Kd7 108.Kf2 Kc6 109.Bf8 Kd7 110.Bh6 Kc6 111.Bg7 Kd6 112.Ke1 Kd7 113.gxh5 gxh5
114.Bd3 Kd6 115.Bf8+ Kc6 116.Kf2 Kd7 117.Be2 Kc6 118.Bg7 Kd6 119.Bf1 Be6
120.Bf8+ Kc6 121.Be2 Bf7 122.Bd1 Kd7 123.Bg7 Kd6 124.Bb3 Kd7 125.Ke2 Kd6
126.Bf8+ Kd7 127.Bc2 Kc6 128.Kf2 Kd7  1/2-1/2

[Event "Gibraltar Masters"]
[Site "Caleta ENG"]
[Date "2011.01.30"]
[Round "6.13"]
[White "Harika,D"]
[Black "Georgiev,Ki"]
[Result "1/2-1/2"]
[WhiteElo "2520"]
[BlackElo "2669"]

1.c4 e5 2.g3 Nf6 3.Bg2 d5 4.cxd5 Nxd5 5.Nc3 Nb6 6.Nf3 Nc6 7.O-O Be7 8.a3 O-O
9.b4 Be6 10.Rb1 f6 11.d3 a5 12.b5 Nd4 13.Nd2 Qc8 14.e3 Nf5 15.Bb2 Rd8 16.Qc2 a4
17.Rfd1 Nd6 18.Ba1 Kh8 19.Rdc1 Qd7 20.Bf1 Ra5 21.Qb2 Bf8 22.Nde4 Nf5 23.Nd2 Qe7
24.Nce4 Qxa3 25.Qxa3 Bxa3 26.Rxc7 Bd5 27.Nc3 Nd6 28.Nxd5 Nxd5 29.Rc2 Rxb5
30.Ra2 Bc5 31.Rxb5 Nxb5 32.Rxa4 Nxe3 33.Ra5 Nxf1 34.Kxf1 Bb4 35.Rxb5 Bxd2
36.Ke2 Bc1 37.Rxb7  1/2-1/2

[Event "1st Alpine Ski Open"]
[Site "Anzere SUI"]
[Date "2011.03.17"]
[Round "1.1"]
[White "Paladini,JM"]
[Black "Georgiev,Ki"]
[Result "0-1"]
[WhiteElo "2053"]
[BlackElo "2666"]

1.c4 e5 2.Nc3 Nf6 3.Nf3 Nc6 4.g3 Nd4 5.Bg2 Nxf3+ 6.Bxf3 Bb4 7.Qc2 O-O 8.O-O c6
9.d3 Re8 10.a3 Bf8 11.b4 d5 12.cxd5 cxd5 13.Bg5 Be6 14.Rfc1 Be7 15.Qd1 Rc8
16.d4 e4 17.Bg2 Nd7 18.Bxe7 Rxe7 19.Na4 Nf6 20.Rxc8 Qxc8 21.Rc1 Rc7 22.Rxc7 Qxc7
23.Qd2 b6 24.Nc3 h5 25.h3 g6 26.Nd1 Ne8 27.Qc3 Qd7 28.Kh2 Nd6 29.e3 Nc4 30.Bf1 Qa4
31.Bxc4 Qxd1 32.Bb5 Bxh3 33.Qc7 Qf3  0-1

[Event "1st Alpine Ski Open"]
[Site "Anzere SUI"]
[Date "2011.03.18"]
[Round "2.1"]
[White "Georgiev,Ki"]
[Black "Bozzali,E"]
[Result "1-0"]
[WhiteElo "2666"]
[BlackElo "2133"]

1.d4 d5 2.c4 c6 3.Nf3 Nf6 4.e3 a6 5.Nc3 g6 6.Bd3 Bg7 7.O-O O-O 8.Bd2 Nbd7
9.cxd5 Nxd5 10.Rc1 b5 11.Ne4 Bb7 12.b4 Qc7 13.Qb3 Rac8 14.Rfd1 Qb8 15.Be1 Rcd8
16.h3 Qa8 17.a4 N5b6 18.a5 Nd5 19.Be2 Qb8 20.Nc5 Nxc5 21.Rxc5 Nf6 22.Qb1 Nd7
23.Rcc1 e5 24.dxe5 Nxe5 25.Bc3 Rxd1+ 26.Bxd1 Rd8 27.Be2 Nxf3+ 28.Bxf3 c5
29.Bxg7 Bxf3 30.Bf6 Rd1+ 31.Rxd1 Bxd1 32.Qxd1 cxb4 33.g4 Qc7 34.Qd5 Qc8 35.Kg2 b3
36.e4 h5 37.gxh5  1-0

[Event "1st Alpine Ski Open"]
[Site "Anzere SUI"]
[Date "2011.03.18"]
[Round "3.1"]
[White "Spasov,V"]
[Black "Georgiev,Ki"]
[Result "1/2-1/2"]
[WhiteElo "2590"]
[BlackElo "2666"]

1.e4 e5 2.Nf3 Nc6 3.Bc4 Bc5 4.O-O Nf6 5.d3 O-O 6.Bb3 d6 7.c3 Bb6 8.Nbd2 Ne7
9.Nc4 Ng6 10.a4 c6 11.Nxb6 axb6 12.h3 h6 13.Re1 Re8  1/2-1/2

[Event "1st Alpine Ski Open"]
[Site "Anzere SUI"]
[Date "2011.03.19"]
[Round "4.1"]
[White "Georgiev,Ki"]
[Black "Georgiev,Vl"]
[Result "1/2-1/2"]
[WhiteElo "2666"]
[BlackElo "2576"]

1.d4 Nf6 2.c4 e6 3.Nc3 Bb4 4.Qc2 d5 5.cxd5 exd5 6.Bg5 h6 7.Bh4 g5 8.Bg3 Ne4
9.e3 h5 10.f3 Nxg3 11.hxg3 Qe7 12.e4 dxe4 13.O-O-O Bxc3 14.Qxc3 Rh6 15.fxe4 Bg4
16.Nf3 Nc6 17.d5 Nb4 18.Bc4 O-O-O 19.a3 Na6 20.e5 Qc5 21.Rd4 Bxf3 22.gxf3 b5
23.b4 Qe7 24.Bxb5 Qxe5 25.Re1 Qd6 26.Kb1 Qb6 27.a4 Nb8 28.Re7 Nd7 29.Ka2 h4
30.gxh4 gxh4 31.Bc6 Nb8 32.a5 Rxc6 33.Qd3 Qa6 34.Qf5+ Re6 35.dxe6 Qe2+ 36.Kb3 Qe3+
37.Ka4 Qxd4 38.exf7+ Kb7 39.f8=Q Qd1+ 40.Ka3 Rd3+ 41.Qxd3 Qxd3+ 42.Kb2 Qd2+
43.Kb3 Qd3+ 44.Kb2 Qd2+  1/2-1/2

[Event "1st Alpine Ski Open"]
[Site "Anzere SUI"]
[Date "2011.03.19"]
[Round "5.2"]
[White "Romanov,E"]
[Black "Georgiev,Ki"]
[Result "1/2-1/2"]
[WhiteElo "2624"]
[BlackElo "2666"]

1.c4 Nf6 2.Nf3 e6 3.g3 d5 4.Bg2 dxc4 5.Qa4+ Nbd7 6.Qxc4 c5 7.Qb3 Bd6 8.Nc3 O-O
9.O-O a6 10.a4 Rb8 11.a5 Bc7 12.Qa2 c4 13.Qxc4 Bxa5 14.b4 b5 15.Qb3 Bb6 16.Ng5 a5
17.bxa5 Bxa5 18.Nge4 Bb7 19.Nxf6+ Nxf6 20.Bxb7 Rxb7 21.Nxb5 Qb6 22.Rb1 Rfb8
23.Qa4 Qd8 24.Bb2 Bxd2 25.Be5 Ra8 26.Bxf6 gxf6 27.Qg4+ Kf8 28.Rfd1 Rd7 29.e3 f5
30.Qh5 Kg8 31.Qf3 Rb8 32.Nd4 Rxb1 33.Rxb1 Bc3 34.Nc6 Qf6 35.Qf4 Kg7 36.Qb8 Rd2
37.Qe8 Rb2 38.Rd1 Rd2 39.Rxd2 Bxd2 40.Nd4 Bc3 41.Ne2 Be5 42.Nf4 Bxf4 43.exf4 Qd4  1/2-1/2

[Event "1st Alpine Ski Open"]
[Site "Anzere SUI"]
[Date "2011.03.20"]
[Round "6.2"]
[White "Georgiev,Ki"]
[Black "Berbatov,K"]
[Result "1-0"]
[WhiteElo "2666"]
[BlackElo "2454"]

1.c4 g6 2.d4 Nf6 3.g3 c5 4.Nf3 Bg7 5.Bg2 cxd4 6.Nxd4 O-O 7.Nc3 Qc7 8.b3 d5
9.Ndb5 Qa5 10.Bd2 dxc4 11.bxc4 Nc6 12.Nd5 Qd8 13.Bc3 a6 14.Bxf6 exf6 15.Nbc3 f5
16.Rc1 Be6 17.O-O Rc8 18.Na4 Qa5 19.Nab6 Bxd5 20.cxd5 Qxb6 21.dxc6 bxc6 22.Qa4 Qb5
23.Qc2 Rfe8 24.e3 c5 25.Bd5 Re7 26.Rb1 Qa5 27.Qc4 Bf6 28.Rb7 Rxb7 29.Bxb7 Rb8
30.Bd5 Rb4 31.Bxf7+ Kg7 32.Qd5 Qc7 33.Be6 c4 34.a3 Rb5 35.Qxc4 Qxc4 36.Bxc4 Ra5
37.Rb1 Be7 38.Rb7 Kf8 39.Rb6 Rxa3 40.Bxa6 Ra2 41.Rb8+ Kg7 42.Rb7 Kf6 43.Bc4 Ra8
44.Kg2 Rc8 45.Bb3 Rd8 46.h3 Rd2 47.Bg8 h6 48.g4 Rd8 49.Bc4 Rd2 50.Kg3 Rc2
51.Rb6+ Kg7 52.Bd3 Rc5 53.Bb1 Rd5 54.f4 Ra5 55.Rb7 Kf6 56.Kf3 Ra3 57.gxf5 gxf5
58.Rb5  1-0

[Event "TCh-BUL GpA Men"]
[Site "Albena BUL"]
[Date "2011.06.03"]
[Round "2.4"]
[White "Georgiev,Ki"]
[Black "Nikolov,Mo"]
[Result "1/2-1/2"]
[WhiteElo "2656"]
[BlackElo "2583"]

1.d4 Nf6 2.c4 e6 3.Nc3 Bb4 4.Qc2 c5 5.dxc5 O-O 6.a3 Bxc5 7.Nf3 b6 8.Bf4 Bb7
9.Rd1 Nc6 10.e3 Nh5 11.Bg5 Be7 12.Bxe7 Qxe7 13.Be2 Nf6 14.O-O Rac8 15.Nd4 Nxd4
16.Rxd4 d5 17.cxd5 Nxd5 18.Nxd5 Bxd5 19.Qd3 Rc7 20.Rd1 g6 21.e4 Bc6 22.f3 Rfc8
23.Qe3 Rd7 24.Rxd7 Bxd7 25.Qd4 Rc7 26.Bf1 Bc6 27.Rc1 Be8 28.Rc3 e5 29.Qe3 f6
30.Kf2 Bf7 31.Bb5 Rxc3 32.Qxc3 Qd6 33.Ke2 Kg7 34.b4 Qe6 35.Ke3 Qa2 36.Be2 g5
37.g3 Qb1 38.g4 Qg1+ 39.Kd3 b5 40.Kc2 Qxh2 41.Kd1 Qg1+ 42.Kd2 Qb6 43.Qe3 Qxe3+
44.Kxe3 Be8 45.Kf2 a6 46.Bd3 h5 47.Bc2 Bf7 48.Kg3 Bc4 49.Kg2 h4 50.Kf2 Kf7
51.Bb1 Ke7 52.Bc2 Kd6 53.Bb1 a5 54.Bc2 Ke6 55.Bb1 a4 56.Bc2 Ke7 57.Bb1 Kf7
58.Bc2 Ke6 59.Bb1 Kd6  1/2-1/2

[Event "TCh-BUL GpA Men"]
[Site "Albena BUL"]
[Date "2011.06.04"]
[Round "3.2"]
[White "Radulski,J"]
[Black "Georgiev,Ki"]
[Result "0-1"]
[WhiteElo "2571"]
[BlackElo "2656"]

1.e4 c5 2.Nf3 d6 3.d4 cxd4 4.Nxd4 Nf6 5.Nc3 a6 6.a4 g6 7.Be2 Bg7 8.O-O O-O
9.Be3 b6 10.a5 bxa5 11.Bf3 e5 12.Nf5 gxf5 13.exf5 d5 14.Nxd5 Nc6 15.Bb6 Qd7
16.Nxf6+ Bxf6 17.Qxd7 Bxd7 18.Rfd1 Rab8 19.Rxd7 Rxb6 20.Rd6 e4 21.Bxe4 Bxb2
22.Rb1 a4 23.Rxc6 Rxc6 24.Rxb2 Rc4 25.f3 a3 26.Ra2 Ra4 27.Bd5 Ra5 28.Bb3 Rd8
29.Kf2 Rd2+ 30.Kg3 Kg7 31.Kh3 Rd1 32.g4 Rb1 33.Kg3 Rb2 34.Ra1 a2 35.Kf4 Ra3
36.Ke5 Rb1  0-1

[Event "TCh-BUL GpA Men"]
[Site "Albena BUL"]
[Date "2011.06.07"]
[Round "6.2"]
[White "Georgiev,Ki"]
[Black "Rusev,K"]
[Result "1-0"]
[WhiteElo "2656"]
[BlackElo "2530"]

1.d4 d5 2.c4 dxc4 3.e3 e5 4.Bxc4 exd4 5.exd4 Nf6 6.Nf3 Bd6 7.O-O O-O 8.Nc3 Nc6
9.h3 h6 10.Re1 Bf5 11.d5 Na5 12.Bf1 c6 13.Nd4 Bd7 14.dxc6 Nxc6 15.Be3 Be5
16.Nf3 Bc7 17.Qb3 Qb8 18.Rad1 Be6 19.Qa4 Bb6 20.Bf4 Bc7 21.Be3 Bb6 22.Bxb6 axb6
23.Qb5 Qa7 24.a3 Qa5 25.Nd4 Bd7 26.Nc2 Rfd8 27.Ne3 Qxb5 28.Bxb5 Ne5 29.f4 Ng6
30.Bxd7 Rxd7 31.Rxd7 Nxd7 32.Ned5 Kf8 33.f5 Nge5 34.Nxb6 Nf3+ 35.gxf3 Nxb6
36.Re4 Nd7 37.Rb4 b6 38.Nd5 Ne5 39.f4 Rd8 40.fxe5 Rxd5 41.Rxb6 Rxe5 42.a4 Rxf5
43.b4 Rf3 44.a5 Ra3 45.a6 g5 46.b5 Kg7 47.Rb7 h5 48.a7 Ra1+ 49.Kf2 Ra2+ 50.Kf1 Ra1+
51.Ke2 Ra2+ 52.Kd3 Ra3+ 53.Kc2 g4 54.hxg4 hxg4 55.b6 g3 56.Rd7 Ra2+ 57.Kc3 Ra6
58.Rd1  1-0

[Event "XXXIV Open"]
[Site "Barbera del Valles ESP"]
[Date "2011.07.12"]
[Round "9"]
[White "Georgiev,Ki"]
[Black "Peralta,Fe"]
[Result "1/2-1/2"]
[WhiteElo "2654"]
[BlackElo "2601"]

1.d4 d5 2.c4 e6 3.Nf3 Nf6 4.Nc3 Bb4 5.cxd5 exd5 6.Bg5 Nbd7 7.e3 c5 8.dxc5 Qa5
9.Nd2 Bxc3 10.bxc3 Qxc3 11.Bxf6 Nxf6 12.Bb5+ Bd7 13.Bxd7+ Nxd7 14.Rc1 Qa5
15.O-O Nxc5 16.Nb3 Nxb3 17.Qxb3 O-O 18.Rfd1 Rfd8 19.Qxb7 Rab8 20.Qc7 Qxa2
21.Ra1 Qc4 22.Qxa7 g6 23.h3 h5 24.Rd4 Qc6 25.Rad1 Ra8 26.Qe7 Rd7 27.Qg5 Rad8
28.Rh4 d4 29.Rhxd4 Rxd4 30.exd4 Rd5 31.Qf4 Qd7 32.h4 Kg7 33.g3 Qa4 34.Rd2 Qd7
35.Qe4 Qd6 36.Kg2 Qd7 37.Rd3 Kh7 38.Rd1 Kg7 39.Kh2 Qd8 40.Rd2 Qd6 41.Kg1 Qd8
42.Kf1 Qd6 43.Ke2 Qa6+ 44.Ke3 Qa3+ 45.Ke2 Qa6+ 46.Qd3 Qe6+ 47.Kf1 Qd7 48.Kg1 Kh7
49.Qc4 Kg7 50.Rd3 Kg8 51.Kg2 Qb7 52.Kh2 Qd7 53.Rd1 Kg7 54.Qb3 Kh7 55.Rd3 Kg7
56.Kg1 Qd8 57.Rf3 Qd7 58.Rf4 Qe6 59.Qe3 Qd7 60.Re4 Qd6 61.Qb3 Qd8 62.Qc4 Qd7
63.Re7 Qd6 64.Qb3 Kf6 65.Rb7 Kg7 66.Rb6 Qd7 67.Rb7 Qd6 68.Qf3 Rf5 69.Qe3 Qc6
70.Re7 Rb5 71.Qd2 Qf6 72.Re1 Rd5 73.Re4 Qd6 74.Qc3 Kh7 75.Qb3 Kg7 76.Re7 Rf5
77.Qe3 Rd5 78.Re4 Qd7 79.Qc3 Kh7 80.Qc4 Kg7 81.Re7 Qf5 82.Kg2 Ra5 83.Re3  1/2-1/2

[Event "TCh-SRB Premier Men"]
[Site "Valjevo SRB"]
[Date "2011.08.28"]
[Round "2.2"]
[White "Georgiev,Ki"]
[Black "Vuckovic,Bo"]
[Result "1/2-1/2"]
[WhiteElo "2654"]
[BlackElo "2623"]

1.d4 Nf6 2.c4 g6 3.Nc3 d5 4.Bf4 Bg7 5.e3 O-O 6.Nf3 c5 7.dxc5 Qa5 8.Rc1 dxc4
9.Bxc4 Qxc5 10.Bb3 Nc6 11.O-O Qa5 12.h3 Bf5 13.Qe2 Ne4 14.g4 Nxc3 15.bxc3 Bd7
16.Rfd1 Rad8 17.Rd5 Qb6 18.Rb1 e6 19.Rdd1 Na5 20.Bc2 Qc6 21.Bd6 Rfe8 22.Ne5 Qxc3
23.Nxd7 Rxd7 24.Bb4 Rxd1+ 25.Bxd1 Qc7 26.Bxa5 Qxa5 27.Rxb7 Bf8 28.Bb3 Re7
29.Qf3 Rxb7  1/2-1/2

[Event "TCh-SRB Premier Men"]
[Site "Valjevo SRB"]
[Date "2011.09.01"]
[Round "6.2"]
[White "Naiditsch,A"]
[Black "Georgiev,Ki"]
[Result "1/2-1/2"]
[WhiteElo "2706"]
[BlackElo "2654"]

1.e4 e5 2.Nf3 Nc6 3.Bb5 Nf6 4.O-O Nxe4 5.d4 Nd6 6.Bxc6 dxc6 7.dxe5 Nf5 8.Qxd8+ Kxd8
9.Nc3 Ke8 10.Bf4 Be6 11.g4 Ne7 12.h3 Nd5 13.Bd2 h5 14.Nd4 Bd7 15.f3 Bc5 16.Ne2 hxg4
17.hxg4 f6 18.exf6 Nxf6 19.c4 Kf7 20.Kg2 Bd6 21.Rh1 c5 22.Nf5 Bxf5 23.gxf5 Rhe8
24.Rae1 Rad8 25.Bg5 Be5 26.Ng3 b6 27.b3 Bc3 28.Rxe8 Rxe8 29.Bf4 Be5 30.Bxe5 Rxe5
31.Kf2 Re8 32.Rd1 Rh8 33.Ke3 a5 34.Ne4 Ke7 35.Rg1 Ne8 36.Rg2 Rh1 37.Kf4 a4
38.Re2 Kd7 39.Rd2+ Ke7 40.Re2 Kf8 41.Ng5 Rd1 42.bxa4 Rc1 43.Ne6+ Kf7 44.Ng5+ Kf8
45.Ne6+ Kf7 46.Ng5+  1/2-1/2

[Event "TCh-MNE 1st League"]
[Site "Tivat MNE"]
[Date "2011.10.08"]
[Round "4.5"]
[White "Kovacevic,A"]
[Black "Georgiev,Ki"]
[Result "1/2-1/2"]
[WhiteElo "2568"]
[BlackElo "2664"]

1.e4 e5 2.Nf3 Nc6 3.Bb5 Nf6 4.O-O Nxe4 5.Re1 Nd6 6.Nxe5 Be7 7.Bf1 Nxe5 8.Rxe5 O-O
9.d4 Bf6 10.Re1 Re8 11.c3 Rxe1 12.Qxe1 Qe8 13.Qxe8+ Nxe8 14.Bf4 d5 15.Bd3 Be7
16.Nd2 Bd6 17.Re1 Bd7 18.Be5 f6 19.Bxd6 Nxd6 20.Re7 Rd8 21.f3 Kf8 22.Re1 Kf7
23.Kf2 a5 24.g4 g6 25.Nf1 Bb5 26.Bxb5 Nxb5 27.a4 Nd6 28.Ne3 c6 29.Ng2 g5
30.h4 h6 31.h5 f5 32.Ne3 f4 33.Nf1 Re8 34.Rxe8 Kxe8 35.Ke2 b5 36.axb5 cxb5
37.Nd2 Kd7 38.Kd1 Kc6 39.Kc2 a4 40.b3 Nb7 41.Kb2 Na5 42.Kc2 Kb6 43.Kb2 Nc6
44.b4 Ne7 45.Nb1 Nc8 46.Kc2 Nd6 47.Na3 Kc6 48.Kd3 Ne8 49.Ke2 Nf6 50.Kd3  1/2-1/2

[Event "TCh-MNE 1st League"]
[Site "Tivat MNE"]
[Date "2011.10.09"]
[Round "2.4"]
[White "Geler,A"]
[Black "Georgiev,Ki"]
[Result "0-1"]
[WhiteElo "2249"]
[BlackElo "2664"]

1.d4 Nf6 2.c4 b6 3.f3 Nc6 4.Nc3 e5 5.d5 Ne7 6.e4 Ng6 7.a3 a5 8.Be3 Bc5 9.Qd2 d6
10.Nge2 Bd7 11.b3 O-O 12.Nb5 Nh5 13.g3 f5 14.exf5 Bxf5 15.Bg5 Qd7 16.Bg2 Bh3
17.Bxh3 Qxh3 18.Nxc7 Ra7 19.Nb5 Raf7 20.b4 Bf2+ 21.Kd1 Rxf3 22.Nxd6 Nxg3
23.Nxg3 Rxg3 24.hxg3 Qxh1+ 25.Kc2 Qxa1  0-1

[Event "TCh-MNE 1st League"]
[Site "Tivat MNE"]
[Date "2011.10.10"]
[Round "3.2"]
[White "Georgiev,Ki"]
[Black "Stojanovic,Mih"]
[Result "1-0"]
[WhiteElo "2664"]
[BlackElo "2581"]

1.d4 d5 2.c4 dxc4 3.e3 e5 4.Bxc4 exd4 5.exd4 Bd6 6.Nf3 Nf6 7.O-O O-O 8.Nc3 Nc6
9.h3 h6 10.Qc2 Na5 11.Bd3 Be6 12.Re1 Nc6 13.a3 a6 14.Be3 Ne7 15.Rad1 Ned5
16.Bc1 Bf4 17.Na4 Bxc1 18.Qxc1 Nb6 19.Nc5 Bd5 20.Ne5 Nc8 21.Bb1 b6 22.Ncd3 Ne7
23.Nf4 Qd6 24.Qc2 Rfe8 25.Re3 a5 26.Rde1 a4 27.Ng4 Qxf4 28.Nxf6+ Qxf6 29.Qh7+ Kf8
30.Qh8+ Ng8 31.Qxg8+ Kxg8 32.Rxe8+ Rxe8 33.Rxe8+  1-0